000 00797nam a22002057a 4500
005 20240530110601.0
008 160202s2013 ua ao g 000 0dara d
017 _a2014/4790
_bمصر . دار الكتب المصرية
020 _a9789779686667
040 _aEG-CaGPL
082 0 4 _221
_a503\
_bم ك
100 0 _aمحمد صابر
245 1 0 _aكلمات علمية /
_cتاليف محمد صابر
260 _aالقاهرة :
_bاكاديمية البحث العلمى و التكنولوجيا : قطاع العلاقات الثقافية المكتبة العلمية ،
_c2013 .
300 _a236 ص :
_bصور ؛
_c24 سم .
650 0 4 _aمصطلحات علمية
650 0 4 _aاللغات
_xمصطلحات
942 _2ddc
_cBK
999 _c62668
_d62668